00635 a2200169 4500010001400000020001100014035001300025037001800038082001100056100002200067245014000089250001900229260005500248270011000303300003400413700001800447 aENG-88003 c280.00 aEN-71536 bD.B.Act / Pub14a657.421 aMaheshwari, S. N.1 aCost accounting:cby S. N. Maheshwari and S. N. MIttalbtheory and problems [for B.Com. M.com, C.A., M.B.A., C.S. & I.C.W.A. students]/ a22nd rev. ed. aDelhibShree Mahavir Book Depot (Publishers)c2007 a2603, Nai SarakbDelhie110006k011-23262993, 011-27430823l011-23270792mmahavirpublications@hotmail.com avi, 894, 210 p.c24 cm. (Pbk)1 aMittal, S. N.